El derecho al recurso y recurso de nulidad penal

Furkejuvvon:
Bibliográfalaš dieđut
Váldodahkki: Río Ferretti, Carlos del (Dahkki)
Materiálatiipa: Girji
Giella:espánnjágiella
Almmustuhtton: Santiago Legal Publishing 2014
Preanttus:1a. ed
Ráidu:Colección Ensayos Jurídicos
Fáttát:
Fáddágilkorat: Lasit fáddágilkoriid
Eai fáddágilkorat, Lasit vuosttaš fáddágilkora!

MARC

LEADER 00000cam a2200000 a 4500
001 UCE2954
003 CL-VaPUC
008 140807e20140300cl |||||||||||||||||spa|d
020 |a 9789563464801 
082 0 4 |a 347.83077  |b RIO  |2 21 
100 0 |a Río Ferretti, Carlos del  |e author  |9 575482 
245 1 3 |a El derecho al recurso y recurso de nulidad penal 
250 |a 1a. ed 
300 |a 141 p 
942 |c BK 
945 |d 20140807 14:45:00  |a dcastane 
260 |a Santiago  |b Legal Publishing  |c 2014 
650 0 |a Recurso de nulidad  |9 494481 
650 0 |a Nulidad procesal   |9 336734 
650 7 |a CODIGO DE PROCEDIMIENTO PENAL  |2 CL-VaPUC  |9 256474 
650 0 |a Reforma procesal penal   |9 471095 
650 0 |a Derecho procesal penal  |9 255496 
583 |a last modification  |c 20140807 14:45:00  |k Rodrigo Vera 
490 0 |a Colección Ensayos Jurídicos 
999 |c 356468  |d 356466 
952 |0 0  |1 0  |3 erb  |4 0  |6 347_830770000000000_RIO_2014  |7 0  |8 A  |9 463819  |a BIBDER  |b BIBDER  |i 5093481  |o 347.83077 RIO 2014  |p 5093481  |r 2023-01-25  |w 2019-11-23  |y BK  |z Catalogado en:20140807  |k DER 
952 |0 0  |1 0  |3 erb  |4 0  |6 347_830770000000000_RIO_2014  |7 0  |8 A  |9 463820  |a BIBDER  |b BIBDER  |i 5110874  |l 1  |o 347.83077 RIO 2014  |p 5110874  |r 2023-01-25  |s 2022-07-20  |w 2019-11-23  |y BK  |z Catalogado en:20140821  |k DER